000 00740nam a2200181 a 4500
003 0
005 20250626122724.0
008 030519s19uu xx 00 eng d
050 _aPHS LB 1060
_b.G65 2003
100 _aGolar, Milos.
245 _aA Comparative study on the academic performance on the major subjects of fourth year students of Southridge who have siblings and those who do not have /
_cMilos Golar.
260 _aLas PiƱas City, Philippines :
_bSouthville International School and Colleges,
_c2003.
300 _aunnumbered pages ;
_c28 cm.
504 _aIncludes bibliographical references.
650 _aAcademic achievement
_zPhilippines.
650 _aSibling relationships
_xPsychological aspects.
942 _2lcc
_cPASS
999 _c96785
_d96785